000 00497pab a2200169 454500
008 180718b2008 xxu||||| |||| 00| 0 eng d
100 _aChatterjee, Deba Prashad
245 _aOriental disadvantage versus occidental exuberance: appraising environmental concern in India - a case study in a local context
260 _c2008
300 _ap.5-33.
362 _aJan
650 _aPollution - India
650 _aPollution
773 _aInternational Sociology
908 _aN
909 _a77863
999 _c77863
_d77863